|
|
|
|
| LEADER |
00000 a2200000 4500 |
| 001 |
RU/ROS-EDU.RU/49512 |
| 856 |
4 |
|
|u https://www.ros-edu.ru/book?id=49512
|z Перейти к просмотру издания
|
| 010 |
|
|
|a 978-5-98379-076-6
|
| 100 |
|
|
|a 20070101d2007 |||y0rusy0250
|
| 105 |
|
|
|a y z 000zy
|
| 101 |
0 |
|
|a rus
|
| 102 |
|
|
|a RU
|
| 200 |
1 |
|
|a Сочинения. Комментированное издание. Выпуск 1. Поэмы и повести. Часть I
|b Электронный ресурс
|f А. С. Пушкин
|g сост.: О. Проскурин, Н. Охотин, Дэвид ред.
|
| 700 |
|
1 |
|b А. С.
|a Пушкин
|4 070
|
| 702 |
|
1 |
|b О.
|a Проскурин
|4 220
|
| 702 |
|
1 |
|b Н.
|a Охотин
|4 220
|
| 702 |
|
1 |
|b Дэвид
|a ред.
|4 220
|
| 330 |
|
|
|a Репринтное воспроизведение последнего прижизненного издания поэм А. С. Пушкина (Поэмы и повести.СПб.,1835.Ч.I) с историко-литературным комментарием к «Руслану и Людмиле», «Кавказскому пленнику» и «Бахчисарайскому фонтану».
|
| 210 |
|
|
|a Москва
|c Новое издательство
|d 2007
|
| 610 |
1 |
|
|a сочинение
|
| 610 |
1 |
|
|a Пушкин А.С.
|
| 610 |
1 |
|
|a поэма
|
| 610 |
1 |
|
|a повесть
|
| 610 |
1 |
|
|a репринтное воспроизведение
|
| 610 |
1 |
|
|a последнее издание
|
| 610 |
1 |
|
|a прижизненное издание
|
| 675 |
|
|
|a 821.161
|
| 686 |
|
|
|a 84(2Рос=Рус)
|2 rubbk
|
| 300 |
|
|
|a Книга находится в премиум-версии платформы «Русский как иностранный».
|
| 215 |
|
|
|a 648 с.
|